| 000 | 01280nam a2200313 a 4500 | ||
|---|---|---|---|
| 001 | ebr10674800 | ||
| 003 | CaPaEBR | ||
| 006 | m o u | ||
| 007 | cr cn||||||||| | ||
| 008 | 150303s2013 njua s 001 0 eng d | ||
| 020 | _z9780470462591 | ||
| 020 | _z9781118472255 (e-book) | ||
| 040 |
_aCaPaEBR _cCaPaEBR |
||
| 035 | _a(OCoLC)808990407 | ||
| 050 | 1 | 4 |
_aQD251.2 _b.M37 2013eb |
| 082 | 0 | 4 |
_a547 _223 |
| 100 | 1 |
_aSmith, Michael, _d1946 Oct. 17- |
|
| 245 | 1 | 0 |
_aMarch's advanced organic chemistry _h[electronic resource] : _breactions, mechanisms, and structure / _cMichael B. Smith. |
| 250 | _a7th ed. | ||
| 260 |
_aHoboken, N.J. : _bWiley, _cc2013. |
||
| 300 |
_a1 online resource (xxv, 2047 p.) : _bill. (some col.) |
||
| 500 | _aIncludes indexes. | ||
| 533 |
_aElectronic reproduction. _bPalo Alto, Calif. : _cebrary, _d2015. _nAvailable via World Wide Web. _nAccess may be limited to ebrary affiliated libraries. |
||
| 588 | _aDescription based on online resource; title from title page (ebrary, viewed April 11, 2013). | ||
| 650 | 0 | _aChemistry, Organic. | |
| 655 | 7 |
_aElectronic books. _2local |
|
| 710 | 2 | _aebrary, Inc. | |
| 856 | 4 | 0 |
_uhttp://site.ebrary.com/lib/rucke/Doc?id=10674800 _zAn electronic book accessible through the World Wide Web; click to view |
| 999 |
_c57253 _d57253 |
||